| 000 | 00555nam 2200157 4500 | ||
|---|---|---|---|
| 001 | 1401 | ||
| 090 | _a1401 | ||
| 100 | _a20170113d m||y0pory50 ba | ||
| 200 |
_aVaticano II ,um espírito novo _ea primeira sessão do concílio _fSeminário das Missões |
||
| 210 |
_aCucujães _cSeminário das Missões _d[s.d.] |
||
| 215 |
_a122,[13]p. _d21cm |
||
| 225 |
_aIgreja e Missão (número extraordinário) _dRevista missionária de cultura e actualidade _v11 |
||
| 600 | _aSeminário das Missões | ||
| 601 | _aSeminário das Missões | ||
| 675 |
_a262.5 _vUPS _zpor |
||
| 942 | _cBK | ||